000 01866nam a22002537a 4500
005 20260619151738.0
008 230717b ||||| |||| 00| 0 eng d
020 _a0972724818
040 _cAL
041 _aeng
082 _223
_a305.56
_bDIXC
100 _aJay Dixit
_9265801
245 _aChitpavanism
_b: A Tribute to Chitpavan Brahmin Culture
260 _aPune
_bJagannath Dixit
_c2003
300 _ax,287p
_bHB
_c24x31cm
365 _2Sociology
_b1200.00
_c
_d1200.00
520 _aAlthough today, Chitpavan or Kokanastha Brahmin community members are found all over the world, they number only around one half million, and around ten to fifteen thousand outside India. Less than 300 years ago, this community was strictly isolated in a small area around Chiplun in Konkan in Maharashtra. Because of this genetic isolation, members of this community share several similar characteristics or a "genetic" bond. This exhaustive work, which still reads like a story, tries to explain their genetic origin, migration, culture, religion, faith, belief, achievements, and history on a scientific basis.
521 _aContents 1. Remembering The Past, Embracing The Future, 2. Shades Of Forgotten Ancestors, 3.Chitpavan Brahim Life In Ancient Times, 4. Dabhol Here We Come, 5. Life In Konkan, 5. Our Religion Our Rituals, 7. What Is In A Chitpavan Name?, 8. Life In Deccan Until 1818, 9. Life In Poona-Bombay In 1800S To Early 1900S And Chitpavans In Karnataka, 10. Twist Of Fate, 11. Globalization Of Culture To Chitpavanism, 12. Global Chitpavan Hall Of Fame, 13. Footnotes, 14. Bibliography, 15. Sources Of Chitpavan Information, Index.
650 _aReligion Our Rituals
_9127409
650 _aChitpavan Brahmin Community
_9127558
650 _aVolume 1 of Encyclopedia Maharashtrica
_9127410
650 _aLife in Konkan
_9127411
942 _2ddc
_cDB
999 _c227930
_d227930